Odhad potenciálneho produktu slovenskej ekonomiky pomocou frekvenčného filtra

Kategória potenciálneho produktu v modernej ekonómii. Najpoužívanejšie štatistické metódy odhadu potenciálneho produktu. Teoretické základy a praktická aplikácia metódy frekvenčného (Band-pass) filtra. Empirické výsledky odhadu potenciálneho produktu.

Salvato in:
Dettagli Bibliografici
Autore principale: Hofreiter, Miloš, 1982-
Natura: Capitolo di libro
Lingua:slovacco
Soggetti:
Tags: Aggiungi Tag
Nessun Tag, puoi essere il primo ad aggiungerne!!

MARC

LEADER 00000naa$a2200000$$$4500
001 0098879
005 20240502072105.9
041 0 |a slo 
044 |a SK 
245 1 0 |a Odhad potenciálneho produktu slovenskej ekonomiky pomocou frekvenčného filtra  |c Miloš Hofreiter 
520 |a Kategória potenciálneho produktu v modernej ekonómii. Najpoužívanejšie štatistické metódy odhadu potenciálneho produktu. Teoretické základy a praktická aplikácia metódy frekvenčného (Band-pass) filtra. Empirické výsledky odhadu potenciálneho produktu. 
610 2 0 |a metódy štatistické 
610 2 0 |a odhady 
610 2 0 |a pravdepodobnosť 
610 2 0 |a rady časové 
610 2 0 |a cykly hospodárske 
610 2 0 |a dôchodok národný hrubý 
100 1 |a Hofreiter, Miloš, 1982-